[Event "Stuttgart-chB int"]
[Site "Gerlingen"]
[Date "2011.06.03"]
[Round "3"]
[White "Fischer, Mark"]
[Black "Beck, Jens"]
[Result "1-0"]
[WhiteElo "1552"]
[BlackElo "1379"]
[PlyCount "55"]
[EventDate "2011.06.02"]
[EventType "swiss"]
[EventRounds "7"]
[EventCountry "GER"]
[SourceTitle "EXT 2018"]
[Source "ChessBase"]
[SourceDate "2017.10.13"]
[SourceVersion "1"]
[SourceVersionDate "2017.10.13"]
[SourceQuality "1"]

1. d4 Nf6 2. Nf3 e6 3. e3 d5 4. Bd3 c5 5. c3 Nc6 6. Nbd2 Be7 7. 0-0 0-0 8. dxc5 Bxc5 9. e4 dxe4 10. Nxe4 Nxe4 11. Bxe4 Qc7 12. Qe2 Bd7 13. Ng5 g6 14. Qf3 Bd6 15. Qh3 h5 16. f4 f5 17. Bc2 Ne7 18. Bb3 Nd5 19. Qg3 Bc5+ 20. Kh1 Kg7 21. Nf3 Bd6 22. Ne5 Bxe5 23. fxe5 Rh8 24. Bg5 Kf8 25. Rad1 Ne7 26. Bxe7+ Kxe7 27. Qxg6 Raf8 28. Rd6 1-0